01008nam a2200325Ia 4500001000900000003000500009005001700014008004100031010001100072040000900083082001900092100002100111245011000132260003600242300001600278400003800294440003800332500003900370504002800409650002100437650002400458650002100482650001400503650002300517650002000540650002900560650002700589700003500616700003100651dia_2235CHAP20230619130846.0220117s1976 xx 000 0 und d a172754 cCHAP a636.5 E57 1976 aEnsminger, M. E. aProducción avícola /c M. E. Ensminger ; traducción Cristino Anguiano Rueda y Mario Arnaldo Marino aArgentina :b El Ateneo,c1976 axix, 283 p. aBIBLIOTECA DE PRODUCCIÓN ANIMAL aBiblioteca de producción animal aTítulo original: Poultry science aIncluye bibliografías aAves de corral  aCiencia avícola  aEgg production  aPoultry  aPoultry products  aPoultry science aProducción de huevos  aProductos avícolas  aAnguiano Rueda, Cristino, tr.  aArnaldo Marino, Mario, tr.